header

Commodification and spectacle in architecture (Record no. 192152)

MARC details
000 -LEADER
fixed length control field 01497nam a2200349Ia 4500
082 04 - DEWEY DECIMAL CLASSIFICATION NUMBER
Classification number 720.103
245 00 - TITLE STATEMENT
Title Commodification and spectacle in architecture
260 ## - PUBLICATION, DISTRIBUTION, ETC. (IMPRINT)
Place of publication Minneapolis, Minn. :
Name of publisher University of Minnesota ;
Place of publication Bristol :
Name of publisher University Presses Marketing [distributor],
Year of publication 2005.
300 ## - PHYSICAL DESCRIPTION
Number of Pages xviii, 122 p. :
Other physical details ill.
490 1# - SERIES STATEMENT
Series statement Harvard design magazine readers ;
650 #0 - SUBJECT ADDED ENTRY--TOPICAL TERM
Topical Term Architecture and society.
Topical Term Architecture
Topical Term Architecture and globalization.
Topical Term Architecture, Postmodern.
700 1# - ADDED ENTRY--PERSONAL NAME
Personal name Saunders, William S.
856 40 - ELECTRONIC LOCATION AND ACCESS
Uniform Resource Identifier http://site.ebrary.com/lib/rucke/Doc?id=10151345

No items available.

© 2026 Rongo University
Contact us: librarian | system librarian | Rongo university